Coins of king sumahagramaka from kondapur excavations (Record no. 1343447)
[ view plain ]
| 000 -LEADER | |
|---|---|
| fixed length control field | 00576nam a2200193Ia 4500 |
| 005 - DATE AND TIME OF LATEST TRANSACTION | |
| control field | 20250508153522.0 |
| 008 - FIXED-LENGTH DATA ELEMENTS--GENERAL INFORMATION | |
| fixed length control field | 008 250505s9999 xx 000 0 eng d |
| 037 ## - SOURCE OF ACQUISITION | |
| Stock number | Books to be hide in OPAC |
| 040 ## - CATALOGING SOURCE | |
| Original cataloging agency | FEDL |
| Language of cataloging | eng |
| Transcribing agency | FEDL |
| 041 ## - LANGUAGE CODE | |
| Language code of text/sound track or separate title | eng |
| Source of code | eng |
| 084 ## - COLON CLASSIFICATION NUMBER | |
| Classification number | 900, AHM |
| Assigning agency | FEDL |
| 100 ## - MAIN ENTRY--PERSONAL NAME | |
| Personal name | Mirashi Mahamaphopadhyaya V V |
| 9 (RLIN) | 764163 |
| 245 #0 - TITLE STATEMENT | |
| Title | Coins of king sumahagramaka from kondapur excavations |
| 260 ## - PUBLICATION, DISTRIBUTION, ETC. | |
| Date of publication, distribution, etc. | 1950 |
| 490 ## - SERIES STATEMENT | |
| Series statement | Numismatic series No. 7 |
| 700 ## - ADDED ENTRY--PERSONAL NAME | |
| Personal name | Mahavidyalaya Vidarbha |
| 9 (RLIN) | 764164 |
| 942 ## - ADDED ENTRY ELEMENTS (KOHA) | |
| Koha item type | Books to be hide in OPAC |
| Classification part | 900, AHM |
| Withdrawn status | Lost status | Damaged status | Not for loan | Home library | Current library | Date acquired | Total Checkouts | Full call number | Barcode | Date last seen | Price effective from | Koha item type |
|---|---|---|---|---|---|---|---|---|---|---|---|---|
| Department of Education Library | Department of Education Library | 2025-05-08 | 900, AHM | EL0026626 | 2025-05-08 | 2025-05-08 | Books to be hide in OPAC |
